| 000 | 00455nab a2200145Ia 4500 | ||
|---|---|---|---|
| 003 | ES-SlBCS | ||
| 005 | 20210601131410.0 | ||
| 008 | 140529s1932 xxu||||| |||| 00| 0 fre d | ||
| 041 | _afre | ||
| 100 | 1 |
_aPoorter, A. de _9184626 |
|
| 245 | 0 | 0 |
_aLes manuscrits de Sophistique de la Bibliothèque de Bruges _c A. de Poorter |
| 650 | 0 | 4 |
_aSofística _9175439 |
| 773 | 0 |
_tRevue Neoscolastique de Philosophie _gvol. 34, 1932, págs. 57-65 _wRev1462 |
|
| 942 | _cAR | ||
| 999 |
_c562491 _d562491 |
||